000
00297nam a2200121Ia 4500
008
220120s9999||||xx |||||||||||||| ||und||
082
_a
823 FLY
100
_a
Flynn, Vince
_9
11966
245
0
_a
Protest and defend
260
_a
Poket
_b
Mysore
_c
2007
300
_a
229p.
_b
45
650
_a
GENERAL BOOKS
999
_c
137515
_d
137515